Futuristic Movies Quiz Stats

 Plays Quiz Updated Nov 19, 2018

     
Support Sporcle.
Go Orange.
Score 0/30 Timer 07:00
2 Plays Today
Released (Set) Movie % Correct
1999 (2199)The Matrix
74.2%
1979 (2122)Alien
68.9%
2007 (2012)I Am Legend
64.3%
1968 (3978)Planet of the Apes
62.6%
1989 (2015)Back to the Future Part 2
60.6%
2004 (2035)I, Robot
58.6%
2002 (2054)Minority Report
53.6%
1982 (2019)Blade Runner
51.5%
1997 (2263)The Fifth Element
44.8%
2005 (2038)V for Vendetta
42.7%
1990 (2084)Total Recall
42.5%
2009 (2018)Terminator Salvation
40.4%
1995 (2035)12 Monkeys
39.9%
1968 (2001)2001: A Space Odyssey
39.8%
1981 (1997)Escape from New York
37.8%
Released (Set) Movie % Correct
2006 (2027)Children of Men
36.6%
2000 (3000)Battlefield Earth
34%
1995 (2130)Judge Dredd
33.4%
1993 (2032)Demolition Man
31.8%
1968 (40,000)Barbarella
28.5%
1987 (2019)The Running Man
23.6%
1994 (2004)Timecop
23.6%
2001 (2151)Vanilla Sky
23.1%
2005 (2046)Doom
20.3%
1973 (2022)Soylent Green
20.2%
1984 (10,191)Dune
17.4%
1976 (2274)Logan's Run
14.7%
1975 (2018)Rollerball
14.5%
2008 (2710)Wall-E
9.6%
1988 (2019)Akira
6.1%

From the Vault

Sporcle's Easiest Holiday

by Flick

Holiday 5m
Claus you're worth it.
Remove Ads.
Support Sporcle.
Get the best of Sporcle when you Go Orange. This ad-free experience offers more features, more stats, and more fun while also helping to support Sporcle. Thank you for becoming a member.

Show Comments

Extras

Top Quizzes Today


Score Distribution

Your Account Isn't Verified!

In order to create a playlist on Sporcle, you need to verify the email address you used during registration. Go to your Sporcle Settings to finish the process.

Report this User

Report this user for behavior that violates our Community Guidelines.

Details: